Statistics for CA Osasuna Squad 2021-2022

Click here to take the quiz!

General Stats

  • This quiz has been taken 26 times
  • The average score is 21 of 28

Answer Stats

#PositionNationPlayer% Correct
17FWCroatiaAnte Budimir
100%
9FWArgentinaChimy Ávila
100%
1GKSpainSergio Herrera
100%
23DFSpainAridane Hernández
94%
8MFSerbiaDarko Brašanac
88%
5DFSpainDavid García
88%
-CoachSpainJagoba Arrasate
88%
7MFSpainJon Moncayola
88%
3DFSpainJuan Cruz
88%
11FWSpainKike Barja
88%
2DFSpainNacho Vidal
88%
10MFSpainRoberto Torres
88%
14FWSpainRubén García
88%
4DFSpainUnai García
88%
18FWSpainKike García
81%
21MFSpainIñigo Pérez
75%
13GKSpainJuan Pérez
75%
39DFSpainManu Sánchez
75%
6MFSpainOier Sanjurjo
75%
24MFSpainLucas Torró
69%
32DFSpainJesús Areso
63%
15DFAngolaJonás Ramalho
63%
28MFSpainJavi Martínez
56%
16DFSpainJosé Ángel Valdés
44%
22FWSpainRober Ibáñez
44%
20FWSpainBarbero
31%
12MFSpainJaume Grau
25%
19FWSpainJavi Ontiveros
19%

Score Distribution

Percentile by Number Answered

Percent of People with Each Score

Your Score History

You have not taken this quiz